Faculty of Law Library — Cairo University

Official Online Catalog

النظام الجنائي الإسلامي القسم العام. (Record no. 62518)

MARC details
000 -LEADER
fixed length control field 01326nam a2200337 i 4500
003 - CONTROL NUMBER IDENTIFIER
control field EG-GICUC
005 - DATE AND TIME OF LATEST TRANSACTION
control field 20260210214225.0
008 - FIXED-LENGTH DATA ELEMENTS--GENERAL INFORMATION
fixed length control field 260210s20062007au ||||fr|||| 000 0 ara d
017 ## - COPYRIGHT OR LEGAL DEPOSIT NUMBER
Copyright or legal deposit number 2006/2076
020 ## - INTERNATIONAL STANDARD BOOK NUMBER
International Standard Book Number 977-04-4902-4
040 ## - CATALOGING SOURCE
Original cataloging agency EG-GICUC
Transcribing agency EG-GICUC
Modifying agency EG-GICUC
Description conventions rda
Language of cataloging ara
041 0# - LANGUAGE CODE
Language code of text/sound track or separate title ara
082 04 - DEWEY DECIMAL CLASSIFICATION NUMBER
Edition number 21
Classification number 343.91
Item number م ص . ن
092 04 - LOCALLY ASSIGNED DEWEY CALL NUMBER (OCLC)
Edition number 21
099 ## - LOCAL FREE-TEXT CALL NUMBER (OCLC)
Classification number Law1 10 343.91 م ص . ن 2007
100 0# - MAIN ENTRY--PERSONAL NAME
Personal name مصطفي محمد عبد المحسن
Relator term مؤلف.
245 12 - TITLE STATEMENT
Title النظام الجنائي الإسلامي القسم العام.
Number of part/section of a work الجزء الأول،
Name of part/section of a work العقوبة.
Remainder of title البنيان القانوني للعقوبة وعقوبات الحدود /
Statement of responsibility, etc. مصطفي محمد عبد المحسن.
264 #1 - PRODUCTION, PUBLICATION, DISTRIBUTION, MANUFACTURE, AND COPYRIGHT NOTICE
Place of production, publication, distribution, manufacture القاهرة :
Name of producer, publisher, distributor, manufacturer دار النهضة العربية،
Date of production, publication, distribution, manufacture, or copyright notice 2007.
300 ## - PHYSICAL DESCRIPTION
Extent 1053 ؛ صفحة
Dimensions 28 سم.
336 ## - CONTENT TYPE
Source rda content
Content type term text
337 ## - MEDIA TYPE
Source rda media
Media type term Computer
338 ## - CARRIER TYPE
Source rda carrier
Carrier type term Online Resource
504 ## - BIBLIOGRAPHY, ETC. NOTE
Bibliography, etc. note . 972-1028ببليوجرافيا: صفحات
504 ## - BIBLIOGRAPHY, ETC. NOTE
Bibliography, etc. note ببليوجرافيا
546 ## - LANGUAGE NOTE
Language note النص باللغة العربية
650 14 - SUBJECT ADDED ENTRY--TOPICAL TERM
Topical term or geographic name entry element النظام الجنائي الإسلامي
650 14 - SUBJECT ADDED ENTRY--TOPICAL TERM
Topical term or geographic name entry element القانون الجنائي
856 40 - ELECTRONIC LOCATION AND ACCESS
Uniform Resource Identifier <a href="https://fll.law.cu.edu.eg/fulltext/bks/B10-08325.pdf">https://fll.law.cu.edu.eg/fulltext/bks/B10-08325.pdf</a>
905 ## - Cataloger and Reviser Names
Cataloger Name: Roqaia Ahmed
942 ## - ADDED ENTRY ELEMENTS (KOHA)
Source of classification or shelving scheme Dewey Decimal Classification
Koha item type Books
Edition 21
Suppress in OPAC No
Holdings
Withdrawn status Lost status Source of classification or shelving scheme Damaged status Not for loan Collection Home library Current library Date acquired Total checkouts Full call number Barcode Date last seen Copy number Price effective from Koha item type
    Dewey Decimal Classification   Not for loan القانون الجنائي جــــامعة القــاهرة مكتبة كلية الحقوق - المبنى الرئيسي 10.02.2026   Law1 10 343.91 م ص . ن 2007 1008325 V1 , C1 B10-08325 10.02.2026 1 10.02.2026 Books
    Dewey Decimal Classification     القانون الجنائي جــــامعة القــاهرة مكتبة كلية الحقوق - المبنى الرئيسي 10.02.2026   Law1 10 343.91 م ص . ن 2007 1008326 V1 , C2 B10-08326 10.02.2026 2 10.02.2026 Books
    Dewey Decimal Classification     القانون الجنائي جــــامعة القــاهرة مكتبة كلية الحقوق - فـرع الشيخ زايد 10.02.2026   Law2 10 343.91 م ص . ن 2007 1008383 V1 , C3 B10-08383 10.02.2026 3 10.02.2026 Books

© All rights reserved — Faculty of Law, Cairo University